000
002890000a22000970004500
100
1
_a
Ming Ng, Peter Tze
245
1
0
_a
Historical archives in chinese christian colleges from before 1949
300
_a
Vol. 20, Núm 3 (1996), Páginas 106-108
773
0
_t
International Bulletin
942
_c
ANA
999
_c
57393
_d
57393